Normal view MARC view
  • World politics

Entry Topical Term

Number of records used in: 1

001 - CONTROL NUMBER

  • control field: 105935

003 - CONTROL NUMBER IDENTIFIER

  • control field: NUST

005 - DATE AND TIME OF LATEST TRANSACTION

  • control field: 20221226130616.0

008 - FIXED-LENGTH DATA ELEMENTS

  • fixed length control field: 221226|| aca||aabn | a|a d

040 ## - CATALOGING SOURCE

  • Original cataloging agency: NUST
  • Transcribing agency: NUST

150 ## - HEADING--TOPICAL TERM

  • Topical term or geographic name entry element: World politics
  • Chronological subdivision: 1933-1945

670 ## - SOURCE DATA FOUND

  • Source citation: Work cat.: (NUST)184733: Military innovation in the interwar period / , 1996.
© 2023 Central Library, National University of Sciences and Technology. All Rights Reserved.